000
00322nam a2200109Ia 4500
008
171211s9999 xx 000 0 und d
245
_a
Embodying the Feminine in the Dances of the World's Religions
245
_c
Angela M. Yarber
260
_c
2011
650
_x
ART
856
_u
http://down.ebook777.com/062/1433115441.pdf
999
_c
348575
_d
348575